000 00689cam a2200241 4500
001 B352
008 090401t xxu||||| |||| 00| 0 eng d
035 _a(Sirsi) u35167
041 _aeng
050 _a306.1
100 _aAdair, A.
245 _aNorthern Ireland property market analysis project (NIPMAP). - Report no.8 (July-September 1986) - no.13 (October-December 1987)
260 _aNewtownabbey, Co.Antrim
_bUniversity of Ulster
_c1986-87
300 _a6v. ; 30cm.
350 _a5
520 _aPublished quarterly
650 _aHOUSE PRICES
650 _aNORTHERN IRELAND
650 _aPROPERTY MARKET
700 _aMcGreal, Stanley
942 _n0
948 _c04/03/1997
999 _c90058
_d90058